PSA schedule of rates for electrical services (Record no. 103524)

MARC details
000 -LEADER
fixed length control field 00928cam a22002535a 4500
001 - CONTROL NUMBER
control field ##L125953
008 - FIXED-LENGTH DATA ELEMENTS--GENERAL INFORMATION
fixed length control field 040426s1997 xxk f 000 0 eng d
020 ## - INTERNATIONAL STANDARD BOOK NUMBER
International Standard Book Number 0117020648
035 ## - SYSTEM CONTROL NUMBER
System control number (Sirsi) u125953
041 0# - LANGUAGE CODE
Language code of text/sound track or separate title eng
050 04 - LIBRARY OF CONGRESS CALL NUMBER
Classification number 692.5 $2 18
110 2# - MAIN ENTRY--CORPORATE NAME
Corporate name or jurisdiction name as entry element Carillion Services
9 (RLIN) 3856
245 00 - TITLE STATEMENT
Title PSA schedule of rates for electrical services
250 ## - EDITION STATEMENT
Edition statement 3rd ed.
260 ## - PUBLICATION, DISTRIBUTION, ETC.
Place of publication, distribution, etc. London
Name of publisher, distributor, etc. The Stationery Office
Date of publication, distribution, etc. 1997
300 ## - PHYSICAL DESCRIPTION
Extent 252p.
Dimensions 30cm.
350 ## - PRICE (NR) (BK AM CF MU VM SE) [OBSOLETE]
Price 140
520 ## - SUMMARY, ETC.
Summary, etc. This price guide covers all aspects of electrical work, including the installation of fire alarms and public address systems and the provision of aviation and ground lighting, with rates for testing and inspection.
520 ## - SUMMARY, ETC.
Summary, etc. Superseded by fourth edition (ISBN 011702855X)
651 #4 - SUBJECT ADDED ENTRY--GEOGRAPHIC NAME
Geographic name United Kindom
-- 1973-
690 ## - LOCAL SUBJECT ADDED ENTRY--TOPICAL TERM (OCLC, RLIN)
Topical term or geographic name as entry element BUILT ENVIRONMENT-BUILDING COSTS
710 2# - ADDED ENTRY--CORPORATE NAME
Corporate name or jurisdiction name as entry element United Kingdom
Subordinate unit Property Services Agency
9 (RLIN) 1138
942 ## - ADDED ENTRY ELEMENTS (KOHA)
Suppress in OPAC 0
Holdings
Withdrawn status Lost status Source of classification or shelving scheme Damaged status Not for loan Home library Current library Shelving location Date acquired Cost, normal purchase price Total Checkouts Full call number Barcode Date last seen Date last checked out Copy number Cost, replacement price Price effective from Koha item type
    Dewey Decimal Classification     London London Basement 08/12/2005 140.25 1 SHELF 301 30070775 06/08/2019 09/07/2007 1 140.25 06/08/2019 Book